书目信息 |
| 题名: |
汉译俄教程
|
|
| 作者: | 王承时 , 周允 编 | |
| 分册: | ||
| 出版信息: | 北京 外语教学与研究出版社 1981 |
|
| 页数: | 412页 | |
| 开本: | 21cm | |
| 丛书名: | ||
| 单 册: | ||
| 中图分类: | H355.9 | |
| 科图分类: | ||
| 主题词: | 俄语-翻译--教材 , 翻译-俄语--教材 | |
| 电子资源: | ||
| ISBN: | ||
| 000 | 00726nam0 2200253 45 | |
| 001 | 0181005483 | |
| 005 | 20060817083946.71 | |
| 010 | @dCNY1.35 | |
| 091 | @a7215.22 | |
| 100 | @a19950522d1981 em y0chiy0121 ea | |
| 101 | 0 | @achi@arus |
| 102 | @aCN@b110000 | |
| 105 | @ay z 000yy | |
| 200 | 10 | @a汉译俄教程@Ahan yi e jiao cheng@f周允,王承时编@Fzhou yun,wang cheng shi bian |
| 210 | @a北京@c外语教学与研究出版社@d1981 | |
| 215 | @a412页@d21cm | |
| 606 | @a俄语-翻译@x教材 | |
| 606 | @a翻译-俄语@x教材 | |
| 690 | @aH355.9@v3 | |
| 701 | 0 | @a王承时@Awang cheng shi@4编 |
| 701 | 0 | @a周允@Azhou yun@4编 |
| 801 | 0 | @aCN@b上海图书馆@c20060817 |
| 801 | 2 | @aCN@bNLC@c20060809 |
| 905 | @f2@b61215-216@f1@b96517@dH355.9@e39 | |
| 汉译俄教程/周允,王承时编.-北京:外语教学与研究出版社,1981 |
| 412页;21cm |
| ISBN :CNY1.35 |
| ● |
| 相关链接 |
|
|
|
|
正题名:汉译俄教程
索取号:H355.9/39
 
预约/预借
| 序号 | 登录号 | 条形码 | 馆藏地/架位号 | 状态 | 备注 |
| 1 | 0061215 | 001138879 | 密集书库/ [索取号:H355.9/39] | 在馆 | |
| 2 | 0061216 | 001138888 | 第四借阅区/ [索取号:H355.9/39] | 在馆 | |
| 3 | 0096517 | 001138815 | 密集书库/ [索取号:H355.9/39] | 在馆 | |
| 4 | 0096518 | 001138860 | 第二样本阅览室/ [索取号:H355.9/39] | 在馆 | |
| 5 | 0422045 | 204220459 | 密集书库/ [索取号:H355.9/39] | 在馆 | |
| 6 | 0435359 | 204353591 | 密集书库/ [索取号:H355.9/39] | 在馆 | |
| 7 | 0435360 | 204353608 | 密集书库/ [索取号:H355.9/39] | 在馆 | |
| 8 | 0435361 | 204353617 | 密集书库/ [索取号:H355.9/39] | 在馆 | |
| 9 | 0436901 | 204369012 | 密集书库/ [索取号:H355.9/39] | 在馆 | |
| 10 | 0436902 | 204369021 | 密集书库/ [索取号:H355.9/39] | 在馆 | |
| 11 | 0444854 | 204448543 | 密集书库/ [索取号:H355.9/39] | 在馆 | |
| 12 | 0453108 | 204531088 | 密集书库/ [索取号:H355.9/39] | 在馆 | |
| 13 | 0453109 | 204531097 | 密集书库/ [索取号:H355.9/39] | 在馆 | |
| 14 | 0453110 | 204531104 | 密集书库/ [索取号:H355.9/39] | 在馆 | |
| 15 | 0453111 | 204531113 | 密集书库/ [索取号:H355.9/39] | 在馆 | |
| 16 | 0453112 | 204531122 | 密集书库/ [索取号:H355.9/39] | 在馆 | |
| 17 | 0453113 | 204531131 | 密集书库/ [索取号:H355.9/39] | 在馆 | |
| 18 | 0466022 | 204660223 | 密集书库/ [索取号:H355.9/39] | 在馆 |